[Event "Karposh Open 2015"]
[Site "Skopje MKD"]
[Date "2015.03.30"]
[Round "5.2"]
[White "Nabaty, Tamir"]
[Black "Ivanisevic, Ivan"]
[Result "0-1"]
[WhiteElo "2590"]
[BlackElo "2638"]
[PlyCount "110"]
[EventDate "2015.03.27"]
[EventType "swiss"]
[EventRounds "9"]
[EventCountry "MKD"]
[Source "lmi"]
[SourceDate "2015.03.27"]

1. d4 Nf6 2. c4 e6 3. Nc3 Bb4 4. Nf3 Nc6 5. e3 O-O 6. Qc2 d6 7. Bd2 e5 8. a3
exd4 9. exd4 Re8+ 10. Be2 Bxc3 11. Bxc3 Ne4 12. d5 Nxc3 13. Qxc3 Ne5 14. O-O
Bg4 15. Rfe1 Bxf3 16. Bxf3 Qf6 17. Be4 Re7 18. Bc2 Kf8 19. Re4 Qh6 20. c5 Rae8
21. Ba4 Rd8 22. Rae1 f5 23. cxd6 cxd6 24. R4e2 Qf4 25. b4 Qh6 26. g3 g5 27. Bc2
g4 28. Rxe5 dxe5 29. Bxf5 Rxd5 30. Qc8+ Kg7 31. Bxg4 Rd4 32. Bf3 Qf6 33. Be4
Red7 34. Kg2 Rd2 35. Re2 Qd8 36. Qc4 Qb6 37. Kf1 Qd4 38. Qe6 Rxe2 39. Qg4+ Kf8
40. Qf3+ Ke7 41. Qxe2 Qd1+ 42. Qxd1 Rxd1+ 43. Ke2 Ra1 44. Bxh7 Rxa3 45. Bc2 Rc3
46. Kd2 Rc4 47. b5 e4 48. h4 Kf6 49. Bd1 a5 50. bxa6 bxa6 51. g4 a5 52. g5+ Kf5
53. Be2 Rb4 54. Kc3 Rb8 55. Bd1 Rc8+ 0-1

[Event "Karposh Open 2015"]
[Site "Skopje MKD"]
[Date "2015.03.30"]
[Round "5.3"]
[White "Tkachiev, Vladislav"]
[Black "Kosic, Dragan"]
[Result "1-0"]
[WhiteElo "2634"]
[BlackElo "2478"]
[PlyCount "81"]
[EventDate "2015.03.27"]
[EventType "swiss"]
[EventRounds "9"]
[EventCountry "MKD"]
[Source "lmi"]
[SourceDate "2015.03.27"]

1. c4 c5 2. Nf3 Nf6 3. Nc3 Nc6 4. d4 cxd4 5. Nxd4 Qb6 6. Nb3 e6 7. e4 Bb4 8.
Bd3 Ne5 9. O-O O-O 10. c5 Qd8 11. Bf4 d6 12. Be2 Bxc3 13. bxc3 Nxe4 14. Qc2 Nf6
15. Rfd1 Bd7 16. cxd6 Ng6 17. Bg3 Rc8 18. c4 b6 19. a4 e5 20. c5 bxc5 21. Nxc5
Qa5 22. Rac1 Ne4 23. Qxe4 Rxc5 24. Rxc5 Qxc5 25. h4 Bc6 26. Qe3 Qa5 27. h5 Nf4
28. Bxf4 exf4 29. Qxf4 Qxa4 30. Rd4 Qc2 31. Bd1 Qc3 32. d7 Qe1+ 33. Kh2 Rd8 34.
Bg4 Qe7 35. Bh3 g6 36. Rd6 Bb5 37. Rd5 a6 38. Re5 Qf8 39. Qe3 f5 40. hxg6 hxg6
41. Bxf5 1-0

[Event "Karposh Open 2015"]
[Site "Skopje MKD"]
[Date "2015.03.30"]
[Round "5.4"]
[White "Georgiev, Kiril"]
[Black "Abramovic, Bosko"]
[Result "1-0"]
[WhiteElo "2623"]
[BlackElo "2462"]
[PlyCount "113"]
[EventDate "2015.03.27"]
[EventType "swiss"]
[EventRounds "9"]
[EventCountry "MKD"]
[Source "lmi"]
[SourceDate "2015.03.27"]

1. Nf3 Nf6 2. c4 c5 3. Nc3 g6 4. d4 cxd4 5. Nxd4 d6 6. e4 Bg7 7. Be2 O-O 8. O-O
Nc6 9. Be3 Bd7 10. Nc2 Qa5 11. f3 Rfc8 12. Qd2 Be6 13. Rab1 Qd8 14. b3 Nd7 15.
Nd5 a6 16. a4 a5 17. f4 Nc5 18. Bf3 b6 19. Rfe1 Rab8 20. Bf2 Qd7 21. h3 Re8 22.
Kh2 Qc8 23. Re2 Bh6 24. Be3 Bg7 25. Na3 f5 26. Bxc5 bxc5 27. Nb5 fxe4 28. Bxe4
Nd4 29. Nxd4 Bxd4 30. Qxa5 Bxd5 31. Bxd5+ Kh8 32. Re6 Qd7 33. Qe1 Bf6 34. Qe3
Rf8 35. Re1 Rbe8 36. Re2 Qc7 37. g3 Rb8 38. h4 Qb6 39. Ra2 Qa5 40. Qe1 Bc3 41.
Qd1 Bf6 42. Qd3 Rb6 43. Bf3 Rfb8 44. Bd1 d5 45. Rxb6 Rxb6 46. cxd5 Rb4 47. Qf3
c4 48. Re2 Qc5 49. Bc2 cxb3 50. Bxb3 Qb6 51. Bc2 Rb2 52. h5 Qc5 53. Qd3 Kg7 54.
hxg6 h5 55. Qf5 h4 56. Qe6 hxg3+ 57. Kg2 1-0

[Event "Karposh Open 2015"]
[Site "Skopje MKD"]
[Date "2015.03.30"]
[Round "5.5"]
[White "Markus, Robert"]
[Black "Kanmazalp, Ogulcan"]
[Result "1-0"]
[WhiteElo "2615"]
[BlackElo "2458"]
[PlyCount "71"]
[EventDate "2015.03.27"]
[EventType "swiss"]
[EventRounds "9"]
[EventCountry "MKD"]
[Source "lmi"]
[SourceDate "2015.03.27"]

1. d4 Nf6 2. Nf3 g6 3. Bf4 Bg7 4. c3 d6 5. h3 O-O 6. Nbd2 c5 7. dxc5 dxc5 8. e4
Nc6 9. Bb5 Na5 10. O-O Be6 11. Qc2 Qc8 12. Ng5 Bd7 13. Be2 h6 14. Ngf3 Be6 15.
Rfe1 Rd8 16. Bh2 b6 17. Nf1 Qb7 18. N3d2 Rac8 19. f4 b5 20. Bf3 c4 21. e5 Qb6+
22. Kh1 Bf5 23. Qc1 Nd5 24. Ne4 Nb7 25. Bg1 Qa5 26. b4 cxb3 27. axb3 Qc7 28.
Rxa7 Qb8 29. Nfg3 Rc7 30. Qa1 Rdc8 31. Nxf5 gxf5 32. Ng3 Nxf4 33. Nxf5 Nd3 34.
Re3 Rxc3 35. Nxe7+ Kh8 36. Nxc8 1-0

[Event "Karposh Open 2015"]
[Site "Skopje MKD"]
[Date "2015.03.30"]
[Round "5.6"]
[White "Fier, Alexandr"]
[Black "Arnaudov, G. Petar"]
[Result "1-0"]
[WhiteElo "2601"]
[BlackElo "2461"]
[PlyCount "55"]
[EventDate "2015.03.27"]
[EventType "swiss"]
[EventRounds "9"]
[EventCountry "MKD"]
[Source "lmi"]
[SourceDate "2015.03.27"]

1. d4 Nf6 2. c4 c5 3. d5 b5 4. cxb5 a6 5. bxa6 g6 6. Nc3 Bg7 7. e4 O-O 8. a7
Rxa7 9. Nf3 d6 10. Be2 e6 11. dxe6 Bxe6 12. Ng5 Nc6 13. Nxe6 fxe6 14. O-O d5
15. exd5 exd5 16. Bg5 Nd4 17. Bd3 Ne6 18. Bh4 g5 19. Bg3 Nd4 20. Be5 Nc6 21.
Bxf6 Bxf6 22. Nxd5 Bxb2 23. Qb3 Bxa1 24. Ne7+ Kh8 25. Nxc6 Qe8 26. Nxa7 Bd4 27.
Nb5 Rxf2 28. Nxd4 1-0

[Event "Karposh Open 2015"]
[Site "Skopje MKD"]
[Date "2015.03.30"]
[Round "5.7"]
[White "Haznedaroglu, Kivanc"]
[Black "Kazhgaleyev, Murtas"]
[Result "0-1"]
[WhiteElo "2445"]
[BlackElo "2561"]
[PlyCount "82"]
[EventDate "2015.03.27"]
[EventType "swiss"]
[EventRounds "9"]
[EventCountry "MKD"]
[Source "lmi"]
[SourceDate "2015.03.27"]

1. d4 Nf6 2. Nf3 e6 3. g3 b5 4. Bg2 d5 5. O-O c5 6. c3 Nbd7 7. Nbd2 Bb7 8. a4
b4 9. c4 Be7 10. b3 O-O 11. Bb2 Rc8 12. Rc1 Re8 13. Re1 Bf8 14. cxd5 Nxd5 15.
Nc4 Nc3 16. Bxc3 bxc3 17. dxc5 Bxc5 18. Rxc3 Bb4 19. Rd3 Bd5 20. e4 Nc5 21.
exd5 Nxd3 22. Re3 Nc5 23. Nfe5 f6 24. Nd3 Rb8 25. d6 Nxd3 26. Qxd3 Qd7 27. Qe4
Bc5 28. Rd3 g6 29. Qf4 Kg7 30. h4 e5 31. Qe4 Bd4 32. Qd5 Red8 33. Kh2 Qf7 34.
Qe4 Bxf2 35. Na5 Bd4 36. Nc6 f5 37. Qe2 Qf6 38. Nxb8 Rxb8 39. d7 Rd8 40. Bc6 e4
41. Rd1 Be5 0-1

[Event "Karposh Open 2015"]
[Site "Skopje MKD"]
[Date "2015.03.30"]
[Round "5.8"]
[White "Doncea, Vladimir"]
[Black "Drenchev, Petar"]
[Result "1/2-1/2"]
[WhiteElo "2421"]
[BlackElo "2486"]
[PlyCount "62"]
[EventDate "2015.03.27"]
[EventType "swiss"]
[EventRounds "9"]
[EventCountry "MKD"]
[Source "lmi"]
[SourceDate "2015.03.27"]

1. d4 Nf6 2. c4 g6 3. g3 Bg7 4. Bg2 d5 5. cxd5 Nxd5 6. Nf3 Nb6 7. Nc3 Nc6 8. e3
O-O 9. O-O Re8 10. Re1 a5 11. Ng5 h6 12. Nge4 e5 13. d5 Nb4 14. Nc5 Qe7 15. Nd3
Nxd3 16. Qxd3 e4 17. Qxe4 Qxe4 18. Nxe4 Nxd5 19. Nd6 cxd6 20. Bxd5 a4 21. e4 a3
22. Rb1 Ra5 23. Bb3 axb2 24. Bxb2 Be6 25. Bxg7 Kxg7 26. Re3 Bxb3 27. Rbxb3 Rxa2
28. Rxb7 Re6 29. Kg2 Rf6 30. Rf3 Ra4 31. Rd7 Rxe4 1/2-1/2

[Event "Karposh Open 2015"]
[Site "Skopje MKD"]
[Date "2015.03.30"]
[Round "5.9"]
[White "Mazi, Leon"]
[Black "Miron, Lucian-costin"]
[Result "1/2-1/2"]
[WhiteElo "2382"]
[BlackElo "2485"]
[PlyCount "53"]
[EventDate "2015.03.27"]
[EventType "swiss"]
[EventRounds "9"]
[EventCountry "MKD"]
[Source "lmi"]
[SourceDate "2015.03.27"]

1. e4 e5 2. Nf3 Nc6 3. Bb5 a6 4. Ba4 Nf6 5. O-O Be7 6. Re1 b5 7. Bb3 d6 8. c3
O-O 9. h3 Nb8 10. d3 Nbd7 11. Nbd2 Bb7 12. Nf1 Nc5 13. Bc2 Re8 14. Ng3 Bf8 15.
b4 Ncd7 16. Bb3 c5 17. Ng5 d5 18. exd5 h6 19. Ne6 fxe6 20. dxe6 Kh8 21. exd7
Qxd7 22. a3 Rad8 23. Bc2 Qc6 24. f3 Nd5 25. Ne4 Rc8 26. Ra2 Red8 27. Bd2
1/2-1/2

[Event "Karposh Open 2015"]
[Site "Skopje MKD"]
[Date "2015.03.30"]
[Round "5.10"]
[White "Perunovic, Milos"]
[Black "Koksal, Ege"]
[Result "1-0"]
[WhiteElo "2632"]
[BlackElo "2339"]
[PlyCount "51"]
[EventDate "2015.03.27"]
[EventType "swiss"]
[EventRounds "9"]
[EventCountry "MKD"]
[Source "lmi"]
[SourceDate "2015.03.27"]

1. e4 e5 2. Nf3 Nc6 3. d4 exd4 4. Nxd4 Nf6 5. Nxc6 bxc6 6. Qe2 d6 7. Nc3 Be7 8.
Be3 O-O 9. O-O-O Be6 10. h3 Nd7 11. f4 Nb6 12. Kb1 Qb8 13. Bc1 Bf6 14. Qf3 Nc4
15. b3 Qb4 16. e5 Be7 17. Bxc4 Bxc4 18. Rd4 d5 19. f5 Bc5 20. Rg4 Rfe8 21. Bh6
g6 22. e6 Re7 23. Rxc4 dxc4 24. Qxc6 Rd8 25. Nd5 Rxd5 26. Qa8+ 1-0

[Event "Karposh Open 2015"]
[Site "Skopje MKD"]
[Date "2015.03.30"]
[Round "5.11"]
[White "Vocaturo, Daniele"]
[Black "Radovanovic, Nikola"]
[Result "1-0"]
[WhiteElo "2579"]
[BlackElo "2399"]
[PlyCount "81"]
[EventDate "2015.03.27"]
[EventType "swiss"]
[EventRounds "9"]
[EventCountry "MKD"]
[Source "lmi"]
[SourceDate "2015.03.27"]

1. d4 Nf6 2. c4 g6 3. Nc3 Bg7 4. e4 d6 5. Nf3 O-O 6. Be2 e5 7. O-O c6 8. d5 Na6
9. Be3 Ng4 10. Bg5 f6 11. Bh4 c5 12. a3 h5 13. Ne1 Nh6 14. f3 Nf7 15. Nd3 Bh6
16. Bf2 f5 17. b4 b6 18. bxc5 Nxc5 19. a4 a5 20. Rb1 f4 21. Nxc5 bxc5 22. Qd3
Ra6 23. Qc2 g5 24. Rb8 Qc7 25. Rfb1 g4 26. Qd1 Ng5 27. Bh4 Qg7 28. Bxg5 Qxg5
29. Nb5 Qh4 30. Bf1 Kh7 31. Nc7 Ra7 32. Ne6 Rg8 33. R1b6 Re7 34. Rxd6 gxf3 35.
Qxf3 Qe1 36. Rbb6 h4 37. Nxf4 Bxf4 38. Qh5+ Kg7 39. Rg6+ Kf7 40. Rbf6+ Ke8 41.
Rxg8+ 1-0

[Event "Karposh Open 2015"]
[Site "Skopje MKD"]
[Date "2015.03.30"]
[Round "5.12"]
[White "Kraemer, Martin"]
[Black "Kerigan, Demre"]
[Result "1-0"]
[WhiteElo "2577"]
[BlackElo "2397"]
[PlyCount "79"]
[EventDate "2015.03.27"]
[EventType "swiss"]
[EventRounds "9"]
[EventCountry "MKD"]
[Source "lmi"]
[SourceDate "2015.03.27"]

1. e4 d6 2. d4 Nf6 3. Nc3 c6 4. Nf3 Bg4 5. h3 Bh5 6. g4 Bg6 7. Bd3 e6 8. Bg5
Be7 9. Qe2 Nbd7 10. Be3 d5 11. e5 Ne4 12. Bxe4 dxe4 13. Nd2 h5 14. O-O-O Qa5
15. Kb1 O-O-O 16. Ncxe4 Nb6 17. f3 Kb8 18. Rhe1 hxg4 19. hxg4 Qa4 20. Nb3 Nc4
21. Ned2 Nb6 22. Ne4 Nc4 23. Bc1 Qb5 24. Ka1 a5 25. Nbc5 a4 26. Nc3 Qb4 27.
N3xa4 Bxc5 28. Nxc5 Kc7 29. c3 Qb5 30. b3 Nb6 31. c4 Qa5 32. Qd2 Qa7 33. Qb2
Rh3 34. Rf1 Rdh8 35. Be3 Qa5 36. Bd2 Qa8 37. Bf4 Qd8 38. a4 Nd7 39. Nxd7 Qxd7
40. d5 1-0

[Event "Karposh Open 2015"]
[Site "Skopje MKD"]
[Date "2015.03.30"]
[Round "5.13"]
[White "Zelcic, Robert"]
[Black "Musat, Adrian"]
[Result "1-0"]
[WhiteElo "2553"]
[BlackElo "2394"]
[PlyCount "69"]
[EventDate "2015.03.27"]
[EventType "swiss"]
[EventRounds "9"]
[EventCountry "MKD"]
[Source "lmi"]
[SourceDate "2015.03.27"]

1. e4 e5 2. Nf3 Nc6 3. Bb5 a6 4. Ba4 Nf6 5. O-O Nxe4 6. d4 b5 7. Bb3 d5 8. dxe5
Be6 9. Qe2 Bc5 10. Be3 O-O 11. Nbd2 Nxd2 12. Qxd2 d4 13. Bg5 Qd7 14. Qf4 Rfe8
15. Rad1 Bxb3 16. axb3 Qe6 17. Rfe1 h6 18. Bh4 Qg6 19. Bg3 Qh5 20. Qe4 Qg6 21.
Qf4 Bb6 22. Nh4 Qe6 23. Nf5 Rad8 24. h4 h5 25. Qf3 g6 26. Nh6+ Kg7 27. Nxf7
Qxf7 28. Qxc6 Re6 29. Qe4 Rf8 30. Rd3 c5 31. Rf3 Qd7 32. Rxf8 Kxf8 33. Bh2 Qc6
34. Qe2 Bc7 35. f4 1-0

[Event "Karposh Open 2015"]
[Site "Skopje MKD"]
[Date "2015.03.30"]
[Round "5.14"]
[White "Djukic, Nikola"]
[Black "Codenotti, Marco"]
[Result "1/2-1/2"]
[WhiteElo "2529"]
[BlackElo "2385"]
[PlyCount "64"]
[EventDate "2015.03.27"]
[EventType "swiss"]
[EventRounds "9"]
[EventCountry "MKD"]
[Source "lmi"]
[SourceDate "2015.03.27"]

1. e4 e5 2. Nf3 Nc6 3. Bb5 Nf6 4. O-O Nxe4 5. d4 Nd6 6. Bxc6 dxc6 7. dxe5 Nf5
8. Qxd8+ Kxd8 9. h3 Bd7 10. Rd1 Be7 11. Nc3 Kc8 12. g4 Nh4 13. Nxh4 Bxh4 14.
Kg2 b6 15. Bf4 h5 16. f3 Be6 17. Bg3 Be7 18. Ne2 hxg4 19. hxg4 Kb7 20. Nf4 Bc8
21. b3 g5 22. Nh5 b5 23. Bf2 Be6 24. Ng7 Bd5 25. Rab1 Rh7 26. Nf5 Rah8 27. Bg3
Bc5 28. c4 Be6 29. Nd4 Bxd4 30. Rxd4 c5 31. Rd2 bxc4 32. bxc4+ Kc6 1/2-1/2

[Event "Karposh Open 2015"]
[Site "Skopje MKD"]
[Date "2015.03.30"]
[Round "5.15"]
[White "Todorovic, Goran N"]
[Black "Blagojevic, Dragisa"]
[Result "1/2-1/2"]
[WhiteElo "2388"]
[BlackElo "2522"]
[PlyCount "40"]
[EventDate "2015.03.27"]
[EventType "swiss"]
[EventRounds "9"]
[EventCountry "MKD"]
[Source "lmi"]
[SourceDate "2015.03.27"]

1. Nf3 d5 2. b3 Bg4 3. e3 e6 4. Bb2 Nf6 5. h3 Bh5 6. Be2 Nbd7 7. c4 c6 8. cxd5
exd5 9. d3 Bxf3 10. Bxf3 Bd6 11. Be2 O-O 12. Nd2 a5 13. a3 Ne8 14. O-O Nc7 15.
Nf3 Qe7 16. Nd4 Qe5 17. g3 c5 18. Bg4 Nf6 19. Nf5 Qxb2 20. Nxd6 b6 1/2-1/2

[Event "Karposh Open 2015"]
[Site "Skopje MKD"]
[Date "2015.03.30"]
[Round "5.16"]
[White "Arat, Ufuk Sezen"]
[Black "Mastrovasilis, Athanasios"]
[Result "1-0"]
[WhiteElo "2361"]
[BlackElo "2506"]
[PlyCount "139"]
[EventDate "2015.03.27"]
[EventType "swiss"]
[EventRounds "9"]
[EventCountry "MKD"]
[Source "lmi"]
[SourceDate "2015.03.27"]

1. d4 Nf6 2. c4 e6 3. Nf3 d5 4. g3 Be7 5. Bg2 O-O 6. O-O dxc4 7. Qc2 a6 8. a4
Bd7 9. Qxc4 Bc6 10. Bg5 a5 11. Nc3 Na6 12. Rac1 Bxf3 13. Bxf3 c6 14. e4 Nd7 15.
Be3 Bg5 16. e5 Nb6 17. Qe2 Nb4 18. Be4 N6d5 19. Bxg5 Qxg5 20. Bb1 Rad8 21. Ne4
Qh6 22. f4 Rd7 23. Nc5 Re7 24. Rf3 Rd8 25. Rcf1 b6 26. Ne4 f5 27. exf6 gxf6 28.
g4 f5 29. g5 Qg7 30. Ng3 Qxd4+ 31. Kh1 Kf8 32. Rd1 Qg7 33. Nh5 Qf7 34. Rh3 Rdd7
35. Rg1 c5 36. Qe5 Nc6 37. Qh8+ Qg8 38. Qxg8+ Kxg8 39. Nf6+ Kf8 40. Nxd7+ Rxd7
41. Rf3 Nd4 42. Rf2 Nb4 43. Rd1 Kg7 44. Bd3 Nxd3 45. Rxd3 Rd5 46. Re3 Rd6 47.
Rd2 Rc6 48. Kg2 Rd6 49. Kf2 Rc6 50. Kf1 Rc7 51. Kf2 Rc6 52. h4 Kg6 53. h5+ Kxh5
54. Rh3+ Kg4 55. Rxh7 Kxf4 56. g6 Rc8 57. Kf1 Rg8 58. Rg2 Ke5 59. Rf7 f4 60. g7
f3 61. Rg5+ Ke4 62. Rf8 Rxg7 63. Rxg7 Kd3 64. Kf2 Kc2 65. Rxf3 Nxf3 66. Kxf3
Kxb2 67. Rb7 c4 68. Rxb6+ Kc2 69. Ke2 c3 70. Rb5 1-0

[Event "Karposh Open 2015"]
[Site "Skopje MKD"]
[Date "2015.03.30"]
[Round "5.17"]
[White "Leniart, Arkadiusz"]
[Black "Maksimovic, Branimir"]
[Result "1-0"]
[WhiteElo "2488"]
[BlackElo "2339"]
[PlyCount "110"]
[EventDate "2015.03.27"]
[EventType "swiss"]
[EventRounds "9"]
[EventCountry "MKD"]
[Source "lmi"]
[SourceDate "2015.03.27"]

1. c4 c5 2. Nf3 Nc6 3. d4 cxd4 4. Nxd4 e6 5. Nc3 Nf6 6. Ndb5 d6 7. Bf4 e5 8.
Bg5 a6 9. Na3 Be7 10. g3 Be6 11. Bg2 O-O 12. Bxf6 Bxf6 13. O-O Qb6 14. Rb1 Rac8
15. Nd5 Bxd5 16. Bxd5 Nb4 17. e4 Rc5 18. Qd2 h6 19. h4 Be7 20. Kg2 Nxd5 21.
cxd5 Qc7 22. Rbc1 Rc8 23. Rxc5 Qxc5 24. Re1 Bd8 25. Re2 Qc7 26. Qb4 Qb6 27. Qa4
Kf8 28. Qd7 Rc1 29. b3 Qc7 30. Qxc7 Bxc7 31. Rc2 Rxc2 32. Nxc2 h5 33. Kh3 g6
34. g4 hxg4+ 35. Kxg4 Bb6 36. f3 Kg7 37. Na3 Bc7 38. Nc4 b5 39. Nb2 Kh6 40. a4
bxa4 41. bxa4 Ba5 42. Nc4 Bb4 43. Nb6 Kg7 44. Nd7 Bd2 45. Nb8 a5 46. Nc6 Kf8
47. h5 gxh5+ 48. Kxh5 Ke8 49. Kg4 Kf8 50. Kf5 Be1 51. f4 exf4 52. Kxf4 Ke8 53.
Ke3 Kd7 54. Ke2 Bc3 55. Kd3 Be1 1-0

[Event "Karposh Open 2015"]
[Site "Skopje MKD"]
[Date "2015.03.30"]
[Round "5.18"]
[White "Kuzmicz, Krystian"]
[Black "Markoja, Boris"]
[Result "1/2-1/2"]
[WhiteElo "2485"]
[BlackElo "2353"]
[PlyCount "70"]
[EventDate "2015.03.27"]
[EventType "swiss"]
[EventRounds "9"]
[EventCountry "MKD"]
[Source "lmi"]
[SourceDate "2015.03.27"]

1. g3 g6 2. Bg2 Bg7 3. d4 d6 4. Nf3 Nf6 5. O-O O-O 6. a4 c6 7. a5 Na6 8. Nc3 d5
9. Re1 Nc7 10. Bf4 Nh5 11. Be5 f6 12. Bxc7 Qxc7 13. e4 e6 14. Qd2 Rd8 15. e5 f5
16. h3 Bf8 17. g4 Ng7 18. Ne2 Qe7 19. c3 Bd7 20. Ra2 Be8 21. b4 Rd7 22. Ng3 Rc8
23. Rea1 Rdc7 24. Bf1 b6 25. axb6 axb6 26. Ra6 c5 27. Rxb6 cxb4 28. cxb4 Rc2
29. Qf4 Rb2 30. b5 Rcc2 31. Nh1 Qc7 32. Raa6 Rb1 33. Ng3 Rbb2 34. Nh1 Rb1 35.
Ng3 Rbb2 1/2-1/2

[Event "Karposh Open 2015"]
[Site "Skopje MKD"]
[Date "2015.03.30"]
[Round "5.19"]
[White "Nikolov, Sasho"]
[Black "Pancevski, Filip"]
[Result "0-1"]
[WhiteElo "2355"]
[BlackElo "2485"]
[PlyCount "112"]
[EventDate "2015.03.27"]
[EventType "swiss"]
[EventRounds "9"]
[EventCountry "MKD"]
[Source "lmi"]
[SourceDate "2015.03.27"]

1. d4 d6 2. e4 Nf6 3. Nc3 g6 4. Nf3 Bg7 5. Be2 c6 6. a4 O-O 7. O-O Qc7 8. Bf4
Nh5 9. Be3 e5 10. h3 exd4 11. Nxd4 Nf6 12. Bf4 Re8 13. Bf3 Nbd7 14. Re1 Ne5 15.
Be2 Bd7 16. Bg3 Rad8 17. f4 Bc8 18. Nb3 Ned7 19. Bf3 Nb6 20. Qd3 d5 21. e5 Nfd7
22. Bh4 f6 23. a5 Na8 24. a6 Nab6 25. axb7 Bxb7 26. Rxa7 Qb8 27. Raa1 fxe5 28.
Bxd8 Rxd8 29. fxe5 Nxe5 30. Qe2 Bc8 31. Kh1 Nbc4 32. Na4 Rf8 33. Rf1 Qd6 34. c3
Bh6 35. Nac5 Ne3 36. Rf2 Nf5 37. Kg1 Be3 38. Ra8 Nxf3+ 39. Qxf3 Bxf2+ 40. Qxf2
Ng3 41. Qe1 Nf1 42. Qxf1 Rxf1+ 43. Kxf1 Qc7 44. Nd4 Kf7 45. Kg1 g5 46. Ra1 Kg6
47. Rf1 Qd6 48. Nd3 Bxh3 49. Nxc6 Qg3 50. Rf2 Kg7 51. Nce5 Be6 52. Rf3 Qh4 53.
b4 d4 54. c4 Qe4 55. Rf1 Qe3+ 56. Kh2 g4 0-1

[Event "Karposh Open 2015"]
[Site "Skopje MKD"]
[Date "2015.03.30"]
[Round "5.20"]
[White "Antic, Dejan"]
[Black "Andonovski, Ljubisa"]
[Result "1-0"]
[WhiteElo "2457"]
[BlackElo "2290"]
[PlyCount "145"]
[EventDate "2015.03.27"]
[EventType "swiss"]
[EventRounds "9"]
[EventCountry "MKD"]
[Source "lmi"]
[SourceDate "2015.03.27"]

1. d4 Nf6 2. c4 e6 3. g3 Bb4+ 4. Bd2 c5 5. Bxb4 cxb4 6. Bg2 O-O 7. Nf3 d6 8. a3
bxa3 9. Nxa3 Nc6 10. O-O e5 11. Nb5 Bg4 12. d5 Ne7 13. c5 Bxf3 14. Bxf3 dxc5
15. d6 Nc6 16. Bxc6 bxc6 17. Nc7 Rb8 18. Rxa7 Rxb2 19. Ra8 Rb8 20. Rxb8 Qxb8
21. Qa1 e4 22. Qa6 e3 23. fxe3 Qb2 24. Qxc6 Qe5 25. Rxf6 gxf6 26. Nd5 Kg7 27.
d7 Qe6 28. Qxc5 Qxd7 29. Ne7 Rd8 30. Nf5+ Kh8 31. Qb6 Qxf5 32. Qxd8+ Kg7 33.
Qd3 Qc5 34. Qd4 Qc1+ 35. Kf2 Qh1 36. Qg4+ Kf8 37. Qh4 Kg7 38. g4 Qe4 39. Qh5 h6
40. Qf5 Qh1 41. Qf4 Qd5 42. e4 Qd4+ 43. Kg3 Qg1+ 44. Kh4 Qg2 45. e3 Kg8 46. e5
fxe5 47. Qxe5 Kh7 48. Qf4 Kg6 49. Qf5+ Kg7 50. Qf4 Kg6 51. e4 f6 52. h3 Qh1 53.
Qf5+ Kg7 54. Qd5 h5 55. Qd7+ Kh6 56. Qd2+ Kg7 57. Qf4 hxg4 58. Qxg4+ Kh6 59.
Qf4+ Kg6 60. Qf5+ Kf7 61. Kh5 Qd1+ 62. Kh6 Qd2+ 63. Kh7 Qd8 64. Qg6+ Ke6 65. h4
Qc7+ 66. Kh8 Qb8+ 67. Kh7 Qc7+ 68. Kh6 Qf4+ 69. Kh5 Ke5 70. Qe8+ Kd4 71. Qa4+
Ke5 72. Qb5+ Ke6 73. Qe8+ 1-0

[Event "Karposh Open 2015"]
[Site "Skopje MKD"]
[Date "2015.03.30"]
[Round "5.21"]
[White "Potpara, Nikola"]
[Black "Kapnisis, Spyridon"]
[Result "1/2-1/2"]
[WhiteElo "2353"]
[BlackElo "2455"]
[PlyCount "65"]
[EventDate "2015.03.27"]
[EventType "swiss"]
[EventRounds "9"]
[EventCountry "MKD"]
[Source "lmi"]
[SourceDate "2015.03.27"]

1. d4 Nf6 2. c4 c5 3. d5 b5 4. cxb5 a6 5. bxa6 g6 6. Nc3 Bg7 7. e4 O-O 8. Nf3
d6 9. Be2 Qa5 10. O-O Bxa6 11. Bd2 Nbd7 12. Re1 Ng4 13. Qc2 c4 14. Nd1 Qc5 15.
Rb1 Rfc8 16. Ne3 Nge5 17. Nxe5 Nxe5 18. b4 cxb3 19. Qxc5 Rxc5 20. axb3 Nd3 21.
Rf1 Rcc8 22. b4 Nxb4 23. Bg4 Bxf1 24. Kxf1 Nd3 25. Bxc8 Rxc8 26. Rb7 Nc5 27.
Rb4 h5 28. f3 Ra8 29. Rc4 Ra1+ 30. Rc1 Ra3 31. Nc4 Ra4 32. Be3 Nb3 33. Nb6
1/2-1/2

[Event "Karposh Open 2015"]
[Site "Skopje MKD"]
[Date "2015.03.30"]
[Round "5.22"]
[White "Dimic, Pavle"]
[Black "Dourerassou, Jonathan"]
[Result "1/2-1/2"]
[WhiteElo "2320"]
[BlackElo "2438"]
[PlyCount "86"]
[EventDate "2015.03.27"]
[EventType "swiss"]
[EventRounds "9"]
[EventCountry "MKD"]
[Source "lmi"]
[SourceDate "2015.03.27"]

1. d4 d5 2. Nf3 Nf6 3. c4 e6 4. Nc3 Be7 5. Bg5 Nbd7 6. e3 O-O 7. Rc1 c6 8. Bd3
dxc4 9. Bxc4 Nd5 10. Bxe7 Qxe7 11. Ne4 N5f6 12. Nxf6+ Qxf6 13. O-O b6 14. b4
Bb7 15. Be2 a5 16. a3 axb4 17. axb4 Ra3 18. Nd2 Qe7 19. Nb1 Ra7 20. Qb3 Rfa8
21. Bf3 Ra4 22. b5 Rb4 23. Qc3 Rxb5 24. Bxc6 Rc8 25. Bxb5 Rxc3 26. Nxc3 Qb4 27.
e4 Bxe4 28. Nxe4 Qxb5 29. Rc7 h6 30. h3 Qd5 31. Nc3 Qd6 32. Nb5 Qb4 33. Rxd7
Qxb5 34. Rd8+ Kh7 35. d5 Qd3 36. Rb8 Qxd5 37. Rxb6 e5 38. Rc1 e4 39. Rc7 Qd1+
40. Kh2 Qd5 41. Rbb7 Qe5+ 42. g3 e3 43. fxe3 Qxe3 1/2-1/2

[Event "Karposh Open 2015"]
[Site "Skopje MKD"]
[Date "2015.03.30"]
[Round "5.23"]
[White "Stanojoski, Zvonko"]
[Black "Peczely, Sebastian Zsombor"]
[Result "1-0"]
[WhiteElo "2418"]
[BlackElo "2254"]
[PlyCount "93"]
[EventDate "2015.03.27"]
[EventType "swiss"]
[EventRounds "9"]
[EventCountry "MKD"]
[Source "lmi"]
[SourceDate "2015.03.27"]

1. e4 e5 2. Nf3 Nc6 3. Bc4 Bc5 4. c3 Nf6 5. d4 exd4 6. cxd4 Bb4+ 7. Bd2 Bxd2+
8. Nbxd2 d5 9. exd5 Nxd5 10. Qb3 Nce7 11. O-O O-O 12. Rfe1 c6 13. a4 a5 14. Ne4
h6 15. Ne5 Qb6 16. Nd6 Qxb3 17. Bxb3 Rb8 18. Nec4 b6 19. Ne5 c5 20. Bxd5 Nxd5
21. Nc6 Ra8 22. dxc5 bxc5 23. Rac1 Bd7 24. Ne5 Be6 25. Rxc5 Rfd8 26. Ndc4 Rdc8
27. Rxa5 Rxa5 28. Nxa5 Rc2 29. b3 Nf4 30. Nac6 Bxb3 31. a5 Ne6 32. a6 Nc7 33.
a7 f6 34. Nd4 Rb2 35. Nxb3 Rxb3 36. Nc6 Kf7 37. g3 Na8 38. Rd1 Rb6 39. Rd7+ Kg6
40. Ne7+ Kh7 41. Nf5 Rb5 42. g4 h5 43. Rxg7+ Kh8 44. Rf7 hxg4 45. Rf8+ Kh7 46.
Rxa8 Rxf5 47. Rb8 1-0

[Event "Karposh Open 2015"]
[Site "Skopje MKD"]
[Date "2015.03.30"]
[Round "5.24"]
[White "Vragoteris, Antonios"]
[Black "Jacimovic, Dragoljub"]
[Result "1/2-1/2"]
[WhiteElo "2238"]
[BlackElo "2411"]
[PlyCount "42"]
[EventDate "2015.03.27"]
[EventType "swiss"]
[EventRounds "9"]
[EventCountry "MKD"]
[Source "lmi"]
[SourceDate "2015.03.27"]

1. e4 e6 2. d4 d5 3. e5 c5 4. c3 Nc6 5. Nf3 Bd7 6. Be2 Nge7 7. Na3 cxd4 8. cxd4
Nf5 9. Nc2 Qa5+ 10. Bd2 Qb6 11. Bc3 Nb4 12. Ne3 Nxe3 13. fxe3 Bb5 14. O-O Bxe2
15. Qxe2 Be7 16. Bxb4 Qxb4 17. Rac1 O-O 18. Rc7 Bd8 19. a3 Qb3 20. Rc3 Qa4 21.
Rfc1 Qd7 1/2-1/2